| 000 | 00705nac a22002051u 4500 | ||
|---|---|---|---|
| 008 | 130826b2000 xxu|||||r|||| 001 0 eng d | ||
| 010 | _a 99062895 | ||
| 020 | _a0789721287 | ||
| 020 | _a9780789721280 | ||
| 082 | 0 | 0 |
_a005.133 _bHAL _222 |
| 100 |
_aHalpern, Pablo, _933450 |
||
| 245 | 1 | 4 |
_aThe C++ standard library from scratch / _cPablo Halpern. |
| 260 |
_aIndianapolis, IN : _bQue Publishing,C.2000. _cC.2000. |
||
| 300 |
_aviii, 351 p. : _bill. ; _c24 cm. |
||
| 440 | 0 |
_aJesse Liberty's from scratch programming series _933451 |
|
| 500 | _aDistributer: Al-Ahram. | ||
| 511 | _aCatalogued By: Mahitab. | ||
| 650 | 0 |
_aC++ (Computer program language) _933452 |
|
| 942 |
_cBB _k005.133HAL _2ddc |
||
| 999 |
_c9152 _d9152 |
||